000 00720nam a2200241 a 4500
003 MX-MxUPN
005 20240926063701.0
008 991125s1901 mx fr 000 0 spa d
035 _aUPN01000007216
040 _aMX-MxUPN
_bspa
_cMX-MxUPN
041 _aspa
050 4 _aBT1037
_bF5.28
100 1 _aFleury, Claude,
_d1640-1723
_953717
245 1 0 _aCatecismo histórico que contiene en resumen la historia santa y la doctrina cristiana
260 _aMéxico :
_bMurguía,
_c1901.
300 _a127 páginas
610 2 0 _aIglesia Católica
_xCatecismos
_951437
610 2 0 _953706
_aIglesia Católica
_vCredos
902 _bMaríaRobles/250924
904 _aAC
_b007216
905 _aLibro
942 _2lcc
_cLIBRO
_n0
999 _c7216
_d7216